|
|
|
|
| LEADER |
00000cam a22000004a 4500 |
| 001 |
musev2_80908 |
| 003 |
MdBmJHUP |
| 005 |
20230905052319.0 |
| 006 |
m o d |
| 007 |
cr||||||||nn|n |
| 008 |
140325s2004 inu o 00 0 eng d |
| 020 |
|
|
|a 9781575065465
|
| 035 |
|
|
|a (OCoLC)747412039
|
| 040 |
|
|
|a MdBmJHUP
|c MdBmJHUP
|
| 100 |
1 |
|
|a Stone, Elizabeth C.,
|d 1949-
|
| 245 |
1 |
4 |
|a The Anatomy of a Mesopotamian City :
|b Survey and Soundings at Mashkan-shapir /
|c by Elizabeth C. Stone and Paul Zimansky ; with epigraphy by Piotr Steinkeller ; and contributions by Vincent Pigott, Lisa Wells, and Tony Wilkinson
|
| 264 |
|
1 |
|a Winona Lake, Ind. :
|b Eisenbrauns,
|c 2004
|
| 264 |
|
3 |
|a Baltimore, Md. :
|b Project MUSE,
|c 2021
|
| 264 |
|
4 |
|c ©2004
|
| 300 |
|
|
|a 1 online resource (528 pages):
|b illustrations, kort
|
| 336 |
|
|
|a text
|b txt
|2 rdacontent
|
| 337 |
|
|
|a computer
|b c
|2 rdamedia
|
| 338 |
|
|
|a online resource
|b cr
|2 rdacarrier
|
| 505 |
0 |
|
|a Indhold: Research design -- The site and its environs -- A history of Mashkan-shapir and its role in the Kingdom of Larsa / Piotr Steinkeller -- Survey methods and analytic procedures -- Types and characteristics of surface features -- The objects -- A building inscription of Sin-iddinam and other inscribed materials from Abu Duwari / Piotr Steinkeller -- Locational data -- Distribution of features and objects in the urban environment
|
| 588 |
|
|
|a Description based on print version record.
|
| 650 |
|
7 |
|a Excavations (Archaeology)
|2 fast
|0 (OCoLC)fst00917564
|
| 650 |
|
0 |
|a Excavations (Archaeology)
|z Iraq
|z Mashkan-shapir (Extinct city)
|
| 651 |
|
7 |
|a Middle East
|z Mashkan-shapir (Extinct city)
|2 fast
|0 (OCoLC)fst01304027
|
| 651 |
|
0 |
|a Mashkan-shapir (Extinct city)
|
| 655 |
|
7 |
|a Electronic books.
|2 local
|
| 700 |
1 |
|
|a Steinkeller, Piotr
|
| 700 |
1 |
|
|a Zimansky, Paul
|
| 710 |
2 |
|
|a Project Muse.
|e distributor
|
| 830 |
|
0 |
|a Book collections on Project MUSE.
|
| 856 |
4 |
0 |
|z Texto completo
|u https://projectmuse.uam.elogim.com/book/80908/
|
| 945 |
|
|
|a Project MUSE - Custom Collection
|